| 000 | 00779nam a22002177a 4500 | ||
|---|---|---|---|
| 003 | OSt | ||
| 005 | 20231026173140.0 | ||
| 008 | 221021b |||||||| |||| 00| 0 eng d | ||
| 040 | _cBiblioteca LadoV | ||
| 082 |
_a700.74 _bP964g |
||
| 110 |
_91163 _aPrograma permanente de cultura _eautor |
||
| 245 |
_aGuatemala/ _bII Bienal de Pintura del Istmo centroamericano/ |
||
| 260 |
_aCosta Rica _bFundación Paíz _c2000 |
||
| 300 |
_a8p. _c15x15cm |
||
| 650 |
_2Tesauro de Arte & Arquitectura _aCOSTA RICA |
||
| 650 |
_2Tesauro de Arte & Arquitectura _aARTE |
||
| 650 |
_2Tesauro de Arte & Arquitectura _aBIENAL |
||
| 650 |
_2Tesauro de Arte & Arquitectura _aGUATEMALA |
||
| 650 |
_2Tesauro de Arte & Arquitectura _aPINTURA |
||
| 942 |
_2ddc _c1 _h700.74 _iP964g _n0 |
||
| 999 |
_c4492 _d4492 |
||